[Event "Challenge"]
[Site "http://www.queenalice.com/game.php?id=717515"]
[Date "2010.1.21"]
[Round "-"]
[White "marcelomkp"]
[Black "carlosjvega"]
[Result "1-0"]
[WhiteElo "1551"]
[BlackElo "1842"]

1. e4 e5 2. Bc4 g6 3. Qf3 Qf6 4. Nc3 c6 5. d3 Bg7 6. Nh3 Qxf3 7. gxf3 Nh6 8. f4
exf4 9. Bxf4 b5 10. Bb3 Na6 11. Ng5 O-O 12. Nd1 Nc5 13. Bd6 Re8 14. Bxc5 d5 15.
c3 a5 16. a3 Ng4 17. Ne3 Nxe3 18. Bxe3 dxe4 19. Nxe4 Bf5 20. f3 Bxe4 21. fxe4
Rad8 22. O-O-O a4 23. Ba2 Rc8 24. h4 h5 25. Rhf1 Rc7 26. Rf4 Bh6 27. Rf3 Bxe3+
28. Rxe3 Kg7 29. Rf1 f6 30. Ref3 Rf8 31. Be6 Re7 32. Bh3 c5 33. Rg1 Kh6 34. Rf4
Rg7 35. Be6 g5 36. hxg5+ Rxg5 37. Rxg5 Kxg5 38. Rf5+ Kg6 39. Rxc5 Rb8 40. Bf5+
Kf7 41. c4 bxc4 42. Rxc4 1-0

[Event "Challenge"]
[Site "http://www.queenalice.com/game.php?id=717518"]
[Date "2010.1.21"]
[Round "-"]
[White "marcelomkp"]
[Black "kaktusIII"]
[Result "0-1"]
[WhiteElo "1581"]
[BlackElo "1617"]

1. e4 e5 2. Qh5 d6 3. Bc4 g6 4. Qf3 Nf6 5. Nc3 Bg4 6. Qe3 a6 7. h3 Be6 8. Bxe6
fxe6 9. Nf3 Nc6 10. d4 Bg7 11. d5 exd5 12. exd5 Ne7 13. Qd3 c6 14. dxc6 Nxc6 15.
O-O Qd7 16. Re1 O-O-O 17. Bg5 Rde8 18. Bxf6 Bxf6 19. Nd5 Qg7 20. Rad1 Re6 21.
Qb3 Rhe8 22. a4 Kb8 23. Nd2 Nd4 24. Qd3 Qf7 25. c3 Nf5 26. b4 Ne7 27. Qc4 Rc8
28. Qb3 Nxd5 29. Qxd5 Rxc3 30. Ne4 Rc6 31. b5 axb5 32. axb5 Rb6 33. Ra1 Re7 34.
Qd3 Rd7 35. Rec1 Be7 36. Qa3 Ra6 37. bxa6 d5 38. axb7 Bxa3 39. Rxa3 dxe4 40.
Rc8+ Kxb7 41. Rc4 Qxc4 42. Rg3 Qa2 43. Rg4 Rd2 44. Rxe4 Qb1+ 45. Kh2 Qxe4 0-1

[Event "Challenge"]
[Site "http://www.queenalice.com/game.php?id=717519"]
[Date "2010.1.21"]
[Round "-"]
[White "marcelomkp"]
[Black "Abstro"]
[Result "0-1"]
[WhiteElo "1579"]
[BlackElo "1759"]

1. e4 e5 2. Bc4 Qh4 3. Qf3 Nh6 4. d3 f6 5. g3 Qg4 6. Qe3 d6 7. Nc3 g5 8. a3 Nc6
9. Nd5 Kf7 10. Nxc7+ Kg6 11. Nxa8 Nd4 12. Qd2 Qd7 13. Ne2 Nf3+ 14. Kd1 Nxd2 15.
Bxd2 b5 16. Bd5 Bb7 17. Bxb7 Qxb7 18. Nc3 a6 19. Nd5 Qxa8 20. Nc7 Qc8 21. Nd5 f5
22. Re1 Ng4 23. h3 Nxf2+ 24. Ke2 Nxh3 25. exf5+ Qxf5 26. Bc3 Qf2+ 27. Kd1 Qf3+
28. Re2 Qxd5 29. a4 g4 30. axb5 Qxb5 31. d4 Bg7 32. Ra5 Qb6 33. dxe5 Rc8 34. Rd5
Rxc3 35. Rxd6+ Qxd6+ 36. exd6 Rc8 37. Re6+ Kf7 38. Re7+ Kf8 39. b3 Rd8 40. Re5
Bxe5 0-1

[Event "Challenge"]
[Site "http://www.queenalice.com/game.php?id=717520"]
[Date "2010.1.21"]
[Round "-"]
[White "marcelomkp"]
[Black "Garuzinho"]
[Result "0-1"]
[WhiteElo "1546"]
[BlackElo "1597"]

1. e4 e5 2. Qh5 Qe7 3. Bc4 Nh6 4. Nh3 d6 5. d3 Bxh3 6. Qxh3 a6 7. Nc3 Nc6 8. Be3
Qf6 9. Nd5 Qd8 10. Qf3 Be7 11. Bxh6 gxh6 12. Qxf7+ Kxf7 13. Nxc7+ Kg6 14. Nxa8
Qxa8 15. O-O-O Bg5+ 16. Kb1 Na5 17. Bd5 Qc8 18. b4 Nc6 19. h4 Be7 20. h5+ Kg5
21. g3 Rf8 22. Rdf1 Nxb4 23. f4+ exf4 24. gxf4+ Kf6 25. Bc4 Qc5 26. Rh2 Rg8 27.
Bxg8 d5 28. e5+ Kg7 29. Rg1+ Kf8 30. Rhg2 Qa5 31. Kc1 Qxa2 32. Bxh7 Qa1+ 33. Kd2
Qb2 34. Rg8+ Kf7 35. R8g7+ Ke6 36. R1g6+ Kd7 37. Rxh6 Qxc2+ 38. Ke3 Qc5+ 39. Kf3
Nxd3 40. Bf5+ Kc7 41. Bxd3 Kb8 42. Re6 Bh4 43. Kg4 Qg1+ 44. Kxh4 Qxg7 45. h6 Qf7
46. Rf6 Qe7 47. h7 Qg7 48. Rd6 Qe7+ 49. Kh3 Qe8 50. Rh6 Qd7+ 51. Kg3 Qg7+ 52.
Rg6 Qxh7 53. f5 Qc7 54. Rd6 Qg7+ 55. Kf4 Qf7 56. e6 Qc7 57. Ke5 d4 58. f6 Qc5+
59. Rd5 Qc7+ 60. Rd6 Qa5+ 61. Ke4 Qe1+ 62. Kf5 Qf2+ 63. Ke5 Qg3+ 64. Kd5 Qxd3
65. Rd8+ Kc7 66. Rd7+ Kb6 67. f7 Qf5+ 68. Kd6 Qc5# 0-1

[Event "Challenge"]
[Site "http://www.queenalice.com/game.php?id=717522"]
[Date "2010.1.21"]
[Round "-"]
[White "marcelomkp"]
[Black "bbking"]
[Result "1-0"]
[WhiteElo "1443"]
[BlackElo "1540"]

1. e4 e5 2. Qh5 Nc6 3. Nh3 Nf6 4. Qf5 d5 5. Qf3 Nxe4 6. Nc3 f5 7. d3 Nxc3 8.
bxc3 e4 9. Qf4 Bc5 10. Qg3 g6 11. Ng5 d4 12. Nxh7 Rxh7 13. Qxg6+ Rf7 14. Qg8+
Rf8 15. Qg6+ Rf7 16. Bh6 dxc3 17. dxe4 Ne7 18. Qg5 Be6 19. Qh4 fxe4 20. Rd1
Bxf2+ 21. Qxf2 Rxf2 22. Rxd8+ Rxd8 23. Kxf2 Rd2+ 24. Bxd2 Nd5 25. Be3 a6 26. Bd4
b5 27. Be2 c6 28. Rf1 b4 29. Bh5+ Kd7 30. Bg6 e3+ 31. Bxe3 a5 32. Rd1 a4 33. Bc5
b3 34. axb3 axb3 35. cxb3 Bg4 36. Rd4 Be6 37. Bb4 Bf7 38. Be4 Ke6 39. Bxd5+ Ke5
40. Bxc3 Bxd5 41. b4 Kd6 42. h4 Ke6 43. Rf4 1-0

[Event "Challenge"]
[Site "http://www.queenalice.com/game.php?id=717524"]
[Date "2010.1.21"]
[Round "-"]
[White "marcelomkp"]
[Black "REIDID93"]
[Result "0-1"]
[WhiteElo "1570"]
[BlackElo "2007"]

1. e4 d5 2. e5 e6 3. d4 c5 4. c4 dxc4 5. Bxc4 cxd4 6. Nf3 Nc6 7. Bb5 Qa5+ 8. Qd2
Qxb5 9. Qf4 Bb4+ 10. Bd2 Bxd2+ 11. Qxd2 Nxe5 12. Nxd4 Qxb2 13. Nc2 Nf6 14. O-O
O-O 15. Qe2 b5 16. Re1 Nc4 17. a4 Bb7 18. axb5 Bd5 19. Nba3 Nxa3 20. Nxa3 Qxe2
21. Rxe2 Rfc8 22. Rb2 Rc7 23. Nc2 Rac8 24. Ne3 Rc1+ 25. Rxc1 Rxc1+ 26. Nf1 Bc4
27. g3 Bxf1 28. f4 Ng4 29. b6 Bh3# 0-1

[Event "Challenge"]
[Site "http://www.queenalice.com/game.php?id=717525"]
[Date "2010.1.21"]
[Round "-"]
[White "marcelomkp"]
[Black "backnine"]
[Result "0-1"]
[WhiteElo "1340"]
[BlackElo "1747"]

1. e4 e5 2. Qh5 Nc6 3. Bc4 g6 4. Qf3 Nf6 5. d3 Bg7 6. a3 O-O 7. Nc3 Nb8 8. Nh3
c6 9. Ne2 d6 10. Ng3 Bxh3 11. gxh3 Qc8 12. Nf1 Nbd7 13. Ng3 Nc5 14. Nf1 Nh5 15.
Be3 Nd7 16. O-O-O b5 17. Bb3 Qb7 18. Rg1 a5 19. Rg4 a4 20. Ba2 b4 21. axb4 Qxb4
22. Qg2 Rab8 23. b3 Qa3+ 24. Kb1 axb3 25. Bxb3 Ra8 26. Ba2 Qxa2+ 27. Kc1 Qa1+
28. Kd2 Qb2 29. Ng3 Nf4 30. Qf3 Qb4+ 31. c3 Ra2+ 32. Ke1 Qxc3+ 33. Bd2 Qc2 34.
Bxf4 exf4 35. Qxf4 Bc3+ 36. Kf1 Qxd1+ 37. Kg2 Qxd3 38. Qg5 Be1 39. Qh6 Bxf2 40.
h4 Bxg3+ 41. Kh3 Bf4+ 42. Rg3 Qf1+ 43. Kg4 Bxh6 44. h5 Rxh2 45. hxg6 Qf4# 0-1

[Event "Challenge"]
[Site "http://www.queenalice.com/game.php?id=717570"]
[Date "2010.1.21"]
[Round "-"]
[White "marcelomkp"]
[Black "Janivgm"]
[Result "1-0"]
[WhiteElo "1369"]
[BlackElo "1759"]

1. e4 e5 2. Nf3 Nc6 3. a3 Nf6 4. Nc3 Bc5 5. Bb5 Nd4 6. Nxe5 Nxb5 7. Nxb5 Nxe4 8.
Qf3 Nf6 9. O-O c6 10. Re1 O-O 11. Nc3 d6 12. Nd3 Bg4 13. Qg3 Qb6 14. h3 Bf5 15.
Nxc5 Qxc5 16. d3 g6 17. Qh4 Nd5 18. Bh6 Rfe8 19. Rad1 Nxc3 20. bxc3 Qxc3 21. Qg5
Rxe1+ 22. Rxe1 Qxe1+ 23. Kh2 Qe5+ 24. f4 Qd4 25. Qe7 b5 26. Qb7 Re8 27. Qxc6 Rc8
28. Qxb5 f6 29. Qb7 Rxc2 30. Qg7# 1-0

[Event "AUTO-OPEN-1845"]
[Site "http://www.queenalice.com/game.php?id=717602"]
[Date "2010.1.21"]
[Round "1"]
[White "TiagoAntunes"]
[Black "marcelomkp"]
[Result "1-0"]
[WhiteElo "1912"]
[BlackElo "1348"]

1. e4 e5 2. Nf3 Nc6 3. Bb5 Qf6 4. O-O a6 5. Bxc6 Qxc6 6. Nxe5 Qe6 7. Nf3 d6 8.
d4 Be7 9. Nc3 Qg6 10. Ne2 Qxe4 11. Re1 Nf6 12. Ng3 Qg6 13. Qe2 Be6 14. d5 Nxd5
15. Nd4 O-O-O 16. c4 Nb4 17. Nxe6 fxe6 18. Ne4 d5 19. a3 dxe4 20. axb4 Bxb4 21.
Rf1 Rd4 22. Be3 Rd3 23. c5 c6 24. Rac1 Qf5 25. Rc4 a5 26. Bc1 Bxc5 27. Rxe4 Rd6
28. Re5 Bxf2+ 29. Kh1 Qg6 30. Rxa5 Bb6 31. Ra8+ Kc7 32. Rxh8 Qb1 33. Rf7+ Rd7
34. Qe5# 1-0

[Event "AUTO-OPEN-1845"]
[Site "http://www.queenalice.com/game.php?id=717603"]
[Date "2010.1.21"]
[Round "1"]
[White "marcelomkp"]
[Black "TiagoAntunes"]
[Result "0-1"]
[WhiteElo "1350"]
[BlackElo "1886"]

1. e4 e5 2. Nf3 Nf6 3. Nxe5 Qe7 4. d4 d6 5. Nf3 Nxe4 6. Qe2 Nc6 7. Be3 g6 8. Qd3
Bg7 9. Nc3 Nf6 10. O-O-O O-O 11. h3 Nb4 12. Qb5 a5 13. a3 c6 14. Qg5 h6 15. Qf4
Nbd5 16. Nxd5 Nxd5 17. Qh4 Qxh4 18. Nxh4 Re8 19. Re1 Bxd4 20. Kd2 Bxb2 21. Bxh6
Bc3+ 22. Kd3 Rxe1 23. g3 b6 24. Bg2 Ba6# 0-1

[Event "AUTO-OPEN-1845"]
[Site "http://www.queenalice.com/game.php?id=717622"]
[Date "2010.1.21"]
[Round "1"]
[White "animis"]
[Black "marcelomkp"]
[Result "1-0"]
[WhiteElo "1893"]
[BlackElo "1447"]

1. e4 e5 2. f4 exf4 3. Nf3 Nf6 4. Nc3 Bb4 5. d4 Bxc3+ 6. bxc3 Nxe4 7. Qd3 Qe7 8.
Be2 d5 9. Bxf4 a6 10. O-O Bf5 11. Qe3 Nc6 12. Rab1 O-O-O 13. Rb3 Rhe8 14. Bd3
Qf6 15. Ne5 Rd6 16. Qc1 Rde6 17. Qa3 Nxe5 18. dxe5 Qg6 19. Rf3 h5 20. c4 Rd8 21.
c5 h4 22. Qb4 b6 23. Bxa6+ Kd7 24. Bb7 h3 25. g3 bxc5 26. Qa5 d4 27. Bd5 Re7 28.
e6+ Bxe6 29. Qb5+ Kc8 30. Qa6+ Kd7 31. Bc6# 1-0

[Event "AUTO-OPEN-1845"]
[Site "http://www.queenalice.com/game.php?id=717623"]
[Date "2010.1.21"]
[Round "1"]
[White "marcelomkp"]
[Black "animis"]
[Result "0-1"]
[WhiteElo "1445"]
[BlackElo "1929"]

1. e4 c5 2. Bc4 d6 3. Qf3 Nf6 4. Nc3 e6 5. Nge2 Nc6 6. d3 Bd7 7. Be3 Ne5 8. Qf4
Nh5 9. Qg5 Nf6 10. d4 Nxc4 11. Bc1 cxd4 12. Nxd4 h6 13. Qg3 a6 14. a3 Qb6 15. b3
Ne5 16. Be3 Qc7 17. Bf4 Nh5 18. Qe3 Ng4 19. Qh3 Nxf4 20. Qg3 e5 21. Nf5 Bxf5 22.
exf5 Nf6 23. O-O Qxc3 24. Qxc3 Ne2+ 25. Kh1 Nxc3 26. Rfe1 e4 27. Re3 Rc8 28. f3
d5 29. Rf1 d4 30. Ree1 Bxa3 31. Ra1 Bb4 32. fxe4 Ncxe4 33. Rfd1 Nf2+ 34. Kg1
Nxd1 35. Rxd1 Rxc2 36. Rxd4 Rc1+ 37. Kf2 Bc5 0-1

[Event "AUTO-OPEN-1845"]
[Site "http://www.queenalice.com/game.php?id=717632"]
[Date "2010.1.21"]
[Round "1"]
[White "Markkim"]
[Black "marcelomkp"]
[Result "1-0"]
[WhiteElo "1123"]
[BlackElo "1443"]

1. d4 d5 2. c4 dxc4 3. Nc3 Nf6 4. Nf3 e6 5. e3 Bb4 6. Qc2 Nc6 7. Bxc4 a6 8. O-O
O-O 9. a3 Bd6 10. b4 e5 11. dxe5 Nxe5 12. Nxe5 Bxe5 13. Rd1 Qe7 14. Bb2 g6 15.
b5 axb5 16. Nxb5 Re8 17. Bxe5 Qxe5 18. Nxc7 Qxc7 19. Qb3 Ng4 20. g3 Re7 21. Rac1
Qe5 22. Rd8+ Re8 23. Bxf7+ Kf8 24. Rxe8+ Qxe8 25. Bxe8 Kxe8 26. Qg8+ Kd7 27.
Qxh7+ Ke8 28. Qxg6+ Ke7 29. Rc7+ Kd8 30. Qd6+ Bd7 31. Qxd7# 1-0

[Event "RJ X GO "]
[Site "http://www.queenalice.com/game.php?id=717634"]
[Date "2010.1.21"]
[Round "-"]
[White "samuelrmgs"]
[Black "marcelomkp"]
[Result "0-1"]
[WhiteElo "1366"]
[BlackElo "1537"]

1. e4 e5 2. Qh5 Nc6 3. Bc4 Qf6 4. Qxf7+ Qxf7 5. Bxf7+ Kxf7 6. Nc3 Nf6 7. d3 Nd4
8. Kd1 Bb4 9. Bg5 Bxc3 10. bxc3 Ne6 11. Be3 Ng4 12. Ke1 Nxe3 13. fxe3 d6 14. Nf3
Nc5 15. Rf1 Rf8 16. Ng5+ Kg8 17. Rxf8+ Kxf8 18. Nxh7+ Kg8 19. Ng5 Bg4 20. h3 Be6
21. Nf3 c6 22. Ng5 Bf7 23. Kd2 Rf8 24. Rf1 Ne6 0-1

[Event "Challenge"]
[Site "http://www.queenalice.com/game.php?id=718775"]
[Date "2010.1.23"]
[Round "-"]
[White "marcelomkp"]
[Black "backnine"]
[Result "0-1"]
[WhiteElo "1468"]
[BlackElo "1731"]

1. e4 e5 2. Bc4 d6 3. Nc3 c6 4. d3 g6 5. Qf3 Nf6 6. Nh3 Bg7 7. Ng5 O-O 8. Qg3
Bd7 9. Nf3 Nh5 10. Qh4 Qxh4 11. Nxh4 a5 12. Nf3 b5 13. Bxf7+ Rxf7 14. d4 exd4
15. Ne2 Bg4 16. Nfxd4 Bxe2 17. Nxe2 Re7 18. f3 d5 19. exd5 cxd5 20. Bg5 Re8 21.
O-O-O Rxe2 22. Rxd5 Nc6 23. g4 Nf6 24. Bxf6 Bxf6 25. Rd6 Bg5+ 26. Kd1 Rd2+ 27.
Rxd2 Bxd2 28. Kxd2 Rc8 29. b3 Nb4 30. a3 Nc6 31. a4 Nd4 32. f4 Rd8 33. axb5
Nxb3+ 34. Kc3 Nd4 35. Ra1 Ne2+ 36. Kb3 Nxf4 37. Rxa5 Nd5 38. c4 Ne3 39. b6 Kf7
40. b7 Rb8 41. Ra7 Ke7 42. c5 Kd7 43. Kb4 Kc6 44. g5 Rxb7+ 45. Rxb7 Kxb7 46. Kc3
Kc6 47. Kd4 Nf1 48. h4 Ng3 49. Ke5 Nf5 50. h5 Nh4 51. hxg6 hxg6 52. Kf4 Kxc5 53.
Kg4 Nf5 54. Kf4 Kd5 55. Kg4 Ke5 56. Kf3 Ng7 57. Kg4 Ne6 58. Kh4 Kf5 59. Kg3 Kxg5
60. Kf3 Kh4 61. Ke4 g5 62. Kf5 Nd4+ 63. Ke4 Nc2 64. Kd3 Na3 0-1

[Event "Challenge"]
[Site "http://www.queenalice.com/game.php?id=720082"]
[Date "2010.1.25"]
[Round "-"]
[White "marcelomkp"]
[Black "heberesteves"]
[Result "1-0"]
[WhiteElo "1568"]
[BlackElo "1482"]

1. e4 e5 2. Nf3 Nc6 3. Bb5 Nf6 4. Bxc6 bxc6 5. Nxe5 Nxe4 6. Qe2 d5 7. d3 Qd6 8.
Nxf7 Kxf7 9. dxe4 d4 10. O-O Be7 11. Rd1 c5 12. Qf3+ Ke8 13. Nd2 Ba6 14. e5 Qd8
15. Nb3 Rb8 16. Qc6+ Qd7 17. Qxa6 Ra8 18. Qb7 Qd8 19. Na5 Rb8 20. Qxa7 Ra8 21.
Qb7 Rxa5 22. Bf4 Ra8 23. Qc6+ Kf8 24. e6 Rc8 25. Qf3 Bf6 26. Re1 g5 27. Bxg5 Kg7
28. Re5 Bxg5 29. Qf7+ Kh6 30. e7 Qe8 31. Re6+ Bf6 32. Rxf6+ Kg5 33. Rf5+ Kh6 34.
Rh5# 1-0

[Event "Challenge"]
[Site "http://www.queenalice.com/game.php?id=722978"]
[Date "2010.1.30"]
[Round "-"]
[White "Leofelix"]
[Black "marcelomkp"]
[Result "0-1"]
[WhiteElo "1647"]
[BlackElo "1536"]

1. c3 e5 2. Nf3 Nc6 3. e3 Nf6 4. d4 d6 5. dxe5 dxe5 6. Qxd8+ Kxd8 7. Ng5 Ke8 8.
Bc4 Nd8 9. O-O h6 10. Nf3 Bd6 11. Nh4 Ne6 12. Nf5 Bc5 13. Nd2 Ng5 14. Bd3 Bxf5
15. Bxf5 Rd8 16. h4 Ngh7 17. Nc4 Ke7 18. Nxe5 Rd5 19. Bxh7 Rxe5 20. Bd3 Rd8 21.
Rd1 Red5 22. b4 Rxd3 23. Rxd3 Rxd3 24. bxc5 Rxc3 25. f3 Rxc5 26. Ba3 Nd7 27.
Bxc5+ Nxc5 28. Rc1 b6 29. g4 g6 30. Rc4 f5 31. gxf5 gxf5 32. a4 Kd6 33. Rf4 Ke5
34. Rc4 Ne6 35. Kf2 c5 36. Ke2 Kd5 37. Kd3 Nf8 38. e4+ Ke6 39. exf5+ Kxf5 40. a5
Ng6 41. Ke3 Ne5 42. Rf4+ Ke6 43. Re4 Kd5 44. f4 Nc4+ 45. Kd3 Nxa5 46. f5 c4+ 47.
Ke3 c3 48. Rg4 Nc4+ 49. Ke2 c2 50. Rg1 Kd4 51. f6 Nd6 52. Rf1 Kc3 53. Rc1 b5 54.
Kf3 b4 55. Re1 Kd2 56. Re2+ Kd1 57. Kf2 c1=Q 58. Re1+ Kd2 59. Rxc1 Kxc1 60. Ke3
b3 61. Kd4 b2 62. Kd5 b1=Q 63. Kxd6 Qg6 64. Ke7 Qe4+ 65. Kf7 Qxh4 66. Ke7 h5 67.
Kf7 a6 68. Kg7 Qxf6+ 69. Kxf6 h4 70. Kg5 h3 71. Kh4 h2 72. Kg5 a5 73. Kf5 a4 74.
Ke6 a3 75. Kd6 a2 76. Kd5 h1=Q+ 77. Kc4 Qd1 78. Kc5 a1=Q 79. Kb6 Qd6+ 80. Kb5
Qaa6# 0-1

[Event "Challenge"]
[Site "http://www.queenalice.com/game.php?id=723682"]
[Date "2010.1.31"]
[Round "-"]
[White "marcelomkp"]
[Black "backnine"]
[Result "1-0"]
[WhiteElo "1549"]
[BlackElo "1705"]

1. e4 e5 2. Bc4 d6 3. d4 Qe7 4. dxe5 dxe5 5. Qd5 c6 6. Qd3 g6 7. Qf3 Nf6 8. Nc3
Bg7 9. Nh3 Bxh3 10. Qxh3 O-O 11. Be2 Qb4 12. Qg3 Nxe4 13. Qg4 h5 14. Qxe4 Qxe4
15. Nxe4 b5 16. Bf3 Na6 17. Be3 Nb4 18. Bd1 a5 19. a3 Nd5 20. Bc5 Rfe8 21. c3 h4
22. h3 Nf4 23. O-O Nd3 24. b4 axb4 25. cxb4 Nxc5 26. Nxc5 e4 27. Ra2 e3 28. Bb3
e2 29. Re1 1-0

[Event "Challenge"]
[Site "http://www.queenalice.com/game.php?id=723683"]
[Date "2010.1.31"]
[Round "-"]
[White "marcelomkp"]
[Black "backnine"]
[Result "0-1"]
[WhiteElo "1546"]
[BlackElo "1720"]

1. e4 e5 2. Nf3 d6 3. Bc4 Bg4 4. h3 Bxf3 5. Qxf3 Nf6 6. Nc3 c6 7. O-O g6 8. d3
Bg7 9. Be3 O-O 10. Rad1 a5 11. a3 Nh5 12. d4 Qc7 13. d5 Nf4 14. Ne2 cxd5 15.
Bxf4 exf4 16. Bb3 dxe4 17. Qxf4 e3 18. fxe3 Be5 19. Qg5 Bxb2 20. a4 Be5 21. Ng3
Nc6 22. Nf5 Nd8 23. Nh6+ Kg7 24. Rd5 Ne6 25. Qh4 Qb6 26. Kf2 Bf4 27. Rd3 Bxh6
28. Ke2 Qd8 29. Qe4 Nc5 30. Qd4+ Kg8 31. Rdd1 Nxb3 32. cxb3 Qd7 33. Qb6 d5 34.
Qc5 Rfe8 35. Rf3 Re5 36. Rd3 Bf8 37. Qd4 Qe6 38. Qc3 Bd6 39. Rd4 b6 40. Rh4 Bc5
41. Qd2 d4 42. e4 Rxe4+ 43. Kd3 Rxh4 44. Qg5 Re4 0-1

[Event "Challenge"]
[Site "http://www.queenalice.com/game.php?id=724704"]
[Date "2010.2.2"]
[Round "-"]
[White "marcelomkp"]
[Black "backnine"]
[Result "1-0"]
[WhiteElo "1493"]
[BlackElo "1730"]

1. e4 e5 2. Nf3 d6 3. d4 Qe7 4. d5 g6 5. h3 Bg7 6. Nc3 Nf6 7. Bd3 O-O 8. Be3 c6
9. Bc4 a5 10. a3 a4 11. O-O Qc7 12. Nh4 Nh5 13. Qf3 Nd7 14. Be2 Nf4 15. Bd1 Nb6
16. dxc6 1-0

[Event "Challenge"]
[Site "http://www.queenalice.com/game.php?id=728168"]
[Date "2010.2.8"]
[Round "-"]
[White "marcelomkp"]
[Black "rafael_100000"]
[Result "0-1"]
[WhiteElo "1566"]
[BlackElo "1478"]

1. e4 e5 2. Nf3 Nc6 3. Bb5 d6 4. Bxc6+ bxc6 5. d3 Nf6 6. h3 d5 7. Qe2 Bd6 8. O-O
d4 9. Re1 Nh5 10. Ng5 Nf4 11. Bxf4 exf4 12. e5 Be7 13. Nf3 c5 14. Qe4 Bd7 15.
Qxf4 g5 16. Qe4 Rb8 17. b3 Rb6 18. Nbd2 Bc6 19. Qg4 Bd7 20. Qh5 Bf5 21. h4 Bg6
22. Qg4 f5 23. Qg3 gxh4 24. Qh3 Bg5 25. Nxg5 Qxg5 26. Nf3 Qh5 27. Nxh4 Rf8 28.
Qg3 f4 29. Qh3 Bf5 30. Qh2 Bg4 31. Re4 Rh6 32. Nf3 Bxf3 33. Qxh5+ Rxh5 34. gxf3
Rg8+ 35. Kf1 Rh1+ 36. Ke2 Rxa1 37. Rxf4 Rgg1 38. Rh4 Rge1+ 0-1

[Event "Challenge"]
[Site "http://www.queenalice.com/game.php?id=764757"]
[Date "2010.4.22"]
[Round "-"]
[White "marcelomkp"]
[Black "AndreaLM"]
[Result "0-1"]
[WhiteElo "1556"]
[BlackElo "1649"]

1. e4 d5 2. e5 c5 3. d4 cxd4 4. Qxd4 Nc6 5. Bb5 Bf5 6. Qc5 Qd7 7. Bf4 e6 8. Qc3
Bb4 9. Bxc6 Bxc3+ 10. Nxc3 Qxc6 11. Rc1 d4 12. Nce2 Qxg2 13. Ng3 Ne7 14. N1e2
Ng6 15. Rd1 Rd8 16. Bg5 Nxe5 17. Nxd4 Rxd4 18. Rxd4 Nf3+ 19. Kd1 Nxd4 20. Be3
Nxc2 21. Bxa7 Nb4 22. a3 Qd5+ 23. Ke1 Nc2+ 24. Kf1 Qf3 25. Bb8 Bh3+ 0-1